Statistiques concernant Pokémon commençant par N

Cliquez ici pour prendre le quiz!

Statistiques générales

  • Ce quiz a été pris 1 345 fois
    (185 depuis la dernière actualisation)
  • Le résultat moyen est 21 sur 31

Statistiques - réponses

Réponse% Correct
034Nidoking
91%
031Nidoqueen
91%
030Nidorina
91%
033Nidorino
91%
029Nidoran (femelle)
89%
032Nidoran (mâle)
89%
103Noadkoko
87%
169Nostenfer
83%
041Nosferapti
81%
102Noeunoeuf
80%
042Nosferalto
80%
270Nénupiot
77%
164Noarfang
67%
197Noctali
67%
290Ningale
65%
276Nirondelle
64%
291Ninjask
63%
531Nanméouïe
61%
477Noctunoir
59%
524Nodulithe
59%
668Némélios
56%
700Nymphali
56%
845Nigosier
55%
177Natu
53%
598Noacier
51%
759Nounourson
51%
312Négapi
49%
606Neitram
47%
800Necrozma
45%
577Nucléos
40%
978Nigirigon
39%

Distribution des résultats

Percentile par nombre de réponses

% des personnes avec chaque résultat

Votre développement - résultats

Vous n’avez pas pris ce quiz depuis la dernière actualisation